La corrupcin̤ pb︢lica y privada causas, efectos y mecanismos para combatirla /

Detalles Bibliográficos
Autor principal: Castro Cuenca, Carlos
Formato: eBook
Lenguaje:español
Publicado: Bogot:̀ Editorial Universidad de Rosario (Colombia), 2017
Materias:
Acceso en línea:Acceso restringido

MARC

LEADER 00000nam a22000007a 4500
005 20180328000153.0
007 cr|||| ||||
008 180328s2017 co |||||s|||| 00||0 spa d
020 |a 978-958-738-853-4 
035 |a 21137 
040 |a vLex 
090 |c 7570  |d 7570 
100 1 |a Castro Cuenca, Carlos 
245 1 2 |a La corrupcin̤ pb︢lica y privada  |h [Recurso electrn̤ico] :  |b causas, efectos y mecanismos para combatirla /  |c Carlos Castro Cuenca 
256 |a Servicio en ln̕ea 
260 |a Bogot:̀  |b Editorial Universidad de Rosario (Colombia),  |c 2017 
300 |a 1 recurso electrn̤ico 
506 1 |a Disponible solo en los productos indicados  |d vLex Global  |d vLex Global (Academic Edition, excluding Law Schools)  |d vLex Global (U.S. Academic Edition, Law Schools)  |d vLex Global (U.S. Academic Edition, excluding Law Schools)  |d vLex Global (Academic Edition, Law Schools) 
650 0 4 |a Derecho Penal  |z Colombia 
740 0 |a vLex Libros (Servicio en ln̕ea) 
856 4 0 |u http://vlex.com/source/corrupcion-publica-privada-causas-efectos-mecanismos-combatirla-21137  |z Acceso restringido 
942 |c BOOK 
999 0 |a Criminal law